Can you guess the FC Barcelona players? - Statistics

General Stats
  • This quiz has been taken 35 times
  • The average score is 7 of 16
Answer Stats
Picture Answer % Correct
Andreas Christensen
97%
Claudio Bravo
90%
Gavi
90%
David Villa
87%
Eric Abidal
73%
Junior Firpo
50%
Seydou Keita
47%
Maxwell
43%
Mark van Bommel
27%
Martin Caceres
20%
Eusebio
13%
Francisco Jose Carrasco
13%
Julio Salinas
13%
Miguel Angel Nadal
13%
Giovanni
7%
Victor Munoz
7%
No matching quizzes found
Score Distribution
Percent of People with Each Score
Percentile by Number Answered
Your Score History
You have not taken this quiz